Sachsen und Böhmen - Eine Beziehungsgeschichte im Staatlichen Museum für Archäologie Chemnitz

Titel: Sachsen und Böhmen - Eine Beziehungsgeschichte im Staatlichen Museum für Archäologie Chemnitz / Doreen Mölders
Verfasser:
In: Sächsische Heimatblätter, Band 64, Heft 2 (2018), Seite 225-230
alle Artikel anzeigen
Veröffentlicht: 2018
Umfang: Illustrationen
Format: Aufsatz
Sprache: Deutsch
Schlagworte:
Kein Bild verfügbar
X
alg: 43742714
001A    $03033:10-10-18 
001B    $03025:22-02-19 $t10:31:33.000 
001D    $03033:10-10-18 
001U    $0utf8 
001X    $00 
002@    $0Aoy 
002C    $aText $btxt $2rdacontent 
002D    $aohne Hilfsmittel zu benutzen $bn $2rdamedia 
002E    $aBand $bnc $2rdacarrier 
003@    $0437427145 
007A    $0437427145 $aHEB 
010@    $ager 
010E    $erda 
011@    $a2018 
021A    $aSachsen und Böhmen - Eine Beziehungsgeschichte im Staatlichen Museum für Archäologie Chemnitz $hDoreen Mölders 
028A    $BVerfasser $4aut $71056024771 $8Mölders, Doreen$Z1976- [Tp3] $9345698282 
031A    $d64 $e2 $g6 $h225-230 $j2018 
034M    $aIllustrationen 
039B    $aEnthalten in $8--Abvc--. Sächsische Heimatblätter. - Niederjahna : Zentrum für Kultur, Geschichte, 1958-. - ISSN 0486-8234 $x201800000640002775 $9047686766 
044K    $RProtektorat Böhmen und Mähren $RBöhmische Länder $#Čech $#Königreich Böhmen $#České Království $#Království České $#Kronland Böhmen $#Čechy $#Ceské Království $#Království Ceské $74007467-5 $8Böhmen [Tgz] $9085012173 
044K    $#Sachsen $#Sachsen $#Sakska $#Sajonia $#Sasko $#Königreich Sachsen $#Kurfürstentum Sachsen $#Land Sachsen $#Kursachsen $#Freistaat Sachsen $#Free State of Saxony $#Saxe $#Saxony $#Chur-Sachsen $#Etat Libre de Saxe $#Republik Sachsen $74051176-5 $8Sachsen [Tg1] $9085142662 
044K    $RRelation $#Wechselbeziehung $#Beziehungen $74145198-3 $8Beziehung [Ts1] $9085577189 
044K    $RKulturelle Einrichtung $RMuseumskunde $RMusealisierung $RSammlung $#Museums $#Musées $#Musei $#Museos $#Museum $#Museum $#Öffentliche Sammlung Museum $#Museen $74040795-0 $8Museum [Ts1] $9085111600 
045F    $a306.094371 $eDDC23BSB 
045F/01 $a306.09 
045F/03 $g4371 
045F/03 $g4321 
045T    $a8,1 

lok: 43742714 70

exp: 43742714 70 1 #EPN
201B/01 $020-06-21 $t12:51:08.000 
201C/01 $010-10-18 
201U/01 $0utf8 
203@/01 $01030739315 
208@/01 $a10-10-18 $bfg 
209A/01 $a/ $f010 $x00 
244Z/01 $ax Staatliches Museum für Archäologie Chemnitz $x01 
244Z/01 $ax Ausstellung $x02 
244Z/01 $ax Sachsen $x03 
244Z/01 $ax Böhmen $x04 
245Z/01 $a21.1 $bAllgemeines / Forschungsmuseen $x01 
247C/01 $8958024-4 Görlitz, Senckenberg Museum für Naturkunde Görlitz, Bibliothek $9371017858 

lok: 43742714 78

exp: 43742714 78 1 #EPN
201B/01 $022-02-19 $t10:30:37.000 
201C/01 $022-02-19 
201U/01 $0utf8 
203@/01 $01046416545 
208@/01 $a22-02-19 $be 
209A/01 $a/ $f000 $x00 
209A/01 $ab*p $x01 
220C/01 $apgar 
244Z/01 $#Böhmische Kronländer $#Länder der Böhmischen Krone $#Sudetenland $#Böhmen $#Mähren $#Mährisch-Schlesien $#Österreichisch-Schlesien $#Tschechische Sozialistische Republik Böhmische Länder $#Tschechei Böhmische Länder $#Země koruny české $74069573-6 $8--Tg1--Böhmische Länder $x01 $9085195553 
247C/01 $82080>Marburg/Lahn, Herder-Institut, Forschungsbibliothek, Bibliographieportal $9336309341
LEADER 00000caa a22000002c 4500
001 437427145
003 DE-603
005 20190222103133.0
007 tu
008 181010s2018 xx |||| | u00||u|ger c
035 |a (DE-599)HEB437427145 
040 |a DE-603  |b ger  |c DE-603  |d DE-603  |e rda 
041 |a ger 
082 0 4 |8 1\u  |a 306.094371  |q DE-101  |2 23/BSB 
084 |a 8,1  |2 ssgn 
085 |8 1\u  |b 306.09 
085 |8 1\u  |z 2  |s 4371 
085 |8 1\u  |z 2  |s 4321 
100 1 |a Mölders, Doreen  |d 1976-  |e Verfasser  |4 aut  |0 (DE-603)345698282  |0 (DE-588)1056024771  |2 gnd 
245 0 0 |a Sachsen und Böhmen - Eine Beziehungsgeschichte im Staatlichen Museum für Archäologie Chemnitz  |c Doreen Mölders 
264 0 |c 2018 
300 |b Illustrationen 
336 |a Text  |b txt  |2 rdacontent 
337 |a ohne Hilfsmittel zu benutzen  |b n  |2 rdamedia 
338 |a Band  |b nc  |2 rdacarrier 
650 7 |a Beziehung  |0 (DE-588)4145198-3  |0 (DE-603)085577189  |2 gnd 
650 7 |a Museum  |0 (DE-588)4040795-0  |0 (DE-603)085111600  |2 gnd 
651 7 |a Böhmen  |0 (DE-588)4007467-5  |0 (DE-603)085012173  |2 gnd 
651 7 |a Sachsen  |0 (DE-588)4051176-5  |0 (DE-603)085142662  |2 gnd 
773 0 8 |i Enthalten in  |t Sächsische Heimatblätter  |d Niederjahna : Zentrum für Kultur, Geschichte, 1958-  |x 0486-8234  |g Band 64, Heft 2 (2018), Seite 225-230  |w (DE-603)047686766  |w (DE-600)504423-6 
924 0 |9 Gl 1  |a (DE-603)1030739315  |b DE-Gl1  |c HES  |d d  |g / 
924 0 |9 2080  |a (DE-603)1046416545  |b DE-2080  |c HES  |d d  |g /